000 01226cam a22002773a 4500
001 5134
003 PGUSA
005 20140828083114.0
008 040201s2004||||xxu|||||s|||||000 p eng d
040 _aPGUSA
_beng
042 _adc
050 4 _aPR
100 1 _aJonson, Ben,
_d-1637
245 1 0 _aDiscoveries Made Upon Men and Matter and Some Poems
_h[electronic resource] /
_cBen Jonson
260 _bProject Gutenberg,
_c2004
505 0 _aSylva -- Timber, or discoveries made upon men and matter -- Some poems: To William Camden. On my first daughter. On my first son. To Francis Beaumont. Of life and death. Inviting a friend to supper. Epitaph on Salathiel Pavy. Epitaph on Elizabeth L. H. Epitaph on the countess of Pembroke. To the memory of my beloved master William Shakespeare. To Celia. The triumph of Charis. In the person of womankind. Ode. Præludium. Epode. An elegy.
506 _aPublic domain in the USA.
516 _aElectronic text
653 _aMiscellanea
653 _aEnglish poetry -- Early modern, 1500-1700
653 _aCommonplace books
700 1 _aMorley, Henry,
_d1822-1894
830 0 _aProject Gutenberg
_v5134
856 4 0 _uhttp://www.gutenberg.org/ebooks/5134
942 _cEB
999 _c234463
_d234463